| 000 | 00645nam a2200217 a 4500 | ||
|---|---|---|---|
| 005 | 20240806063747.0 | ||
| 008 | 991125 mx 000 0 spa u | ||
| 020 | _a9681637704 | ||
| 035 | _aUPN01000005933 | ||
| 049 | _aI | ||
| 050 | 4 | _aPZ10.3 H6.38 | |
| 100 | 1 | _aHowe, Deborah James | |
| 245 | 1 | 0 |
_aBonícula : _buna historia de misterio conejil / _ctr. David Huerta |
| 260 |
_aMéxico : _bFCE |
||
| 300 |
_a91 p. : _bil |
||
| 440 | 2 |
_aA la orilla del viento; _v24 |
|
| 650 | 4 |
_aCuentos estadounidenses _912811 |
|
| 650 | 7 |
_aLiteratura infantil estadounidense _2 _99173 |
|
| 650 | 2 |
_aNovela policiaca y de misterio _98409 |
|
| 905 | _aInfantil | ||
| 999 |
_c5933 _d5933 |
||